People Who Lived in the 19th Century - Sudden Death - Statistics

General Stats
  • This quiz has been taken 28 times
  • The average score is 17 of 21
Answers on the Grid
Answers color-coded by a green-red scale on the quiz's grid according to % correct below.
Pyotr Ilyich Tchaikovsky
Napoleon Bonaparte
Adolf Hitler
Simón Bolívar
Nikola Tesla
Abraham Lincoln
Jane Austen
Oscar Wilde
J. R. R. Tolkien
Victor Hugo
Gustave Eiffel
Levi Strauss
Coco Chanel
Joseph Stalin
Friedrich Nietzsche
Jacob & Wilhelm Grimm
Gerónimo
Paul Verlaine
Billy the Kid
James Watt
Joseph Smith*
Catherine of Aragon
Marie Antoinette
Marilyn Monroe
Martin Luther King
Johann Sebastian Bach
Isaac Newton
Frank Sinatra
Daniel Defoe
Augusto Pinochet
 
Answer Stats
Answer % Correct
1854-1900 Oscar Wilde
100%
1844-1900 Friedrich Nietzsche
92%
1856-1943 Nikola Tesla
92%
1889-1945 Adolf Hitler
88%
1832-1923 Gustave Eiffel
88%
1736-1819 James Watt
88%
1878-1953 Joseph Stalin
88%
1892-1973 J. R. R. Tolkien
88%
1769-1821 Napoleon Bonaparte
88%
1809-1865 Abraham Lincoln
83%
1859-1881 Billy the Kid
83%
1775-1817 Jane Austen
83%
1802-1885 Victor Hugo
83%
1840-1893 Pyotr Ilyich Tchaikovsky
79%
1805-1844 Joseph Smith*
75%
1829-1902 Levi Strauss
75%
1783-1830 Simón Bolívar
75%
1883-1971 Coco Chanel
71%
1829-1909 Gerónimo
71%
1785-1863, 1786-1859 Jacob & Wilhelm Grimm
63%
1844-1896 Paul Verlaine
63%
No matching quizzes found
Score Distribution
Percent of People with Each Score
Percentile by Number Answered
Your Score History
You have not taken this quiz